| 000 | 00945cam a2200217 4500 | ||
|---|---|---|---|
| 001 | ABS64436 | ||
| 008 | 010822n2001 000 0 eng u | ||
| 035 | _a(Sirsi) u114257 | ||
| 100 | _aWatson, P. | ||
| 245 | _aProject management in construction | ||
| 260 | _c2001 | ||
| 490 |
_aBuilding Engineer _v76(8) August 2001, 19-23(5) |
||
| 520 | _aInvestigates the application of project management in the UK construction industry and examines the role of the project manager, looking at current and future changes in market conditions and how they affect a project manager's work. Information is taken from research looking at construction personnel's perception of project managers and the role they play in the construction process. | ||
| 590 | _aABS | ||
| 650 | _aPROJECT MANAGERS | ||
| 650 | _aCONSTRUCTION INDUSTRY | ||
| 650 | _aLATHAM REFORMS | ||
| 650 | _aCONSTRUCTION PROCESS | ||
| 690 |
_aProject management _96261 |
||
| 942 | _n0 | ||
| 999 |
_c68057 _d68057 |
||